000 00807nam a2200241 a 4500
001 000020232
005 20200929170326.0
008 100728s2005 ve 000 0 spa d
020 _a9802763918
040 _aDO-SdBNP
_bspa
_cBNPHU
082 _axxx
_bT758m
100 1 _aTraba, Marta
_942839
245 1 0 _aMirar en América /
_cMarta Traba ; prólogo Ana Pizarro ; presentación Juan Gustavo Cobo Borda.
260 _aCaracas :
_bFundación Biblioteca Ayacucho,
_c2005.
300 _a431 p. ;
_c23 cm.
490 1 _aClásica
_v218
500 _aIncluye notas al pie de páginas
500 _aIncluye datos biográficos del autor en la contracubierta
700 1 _aPizarro, Ana
_eprol.
_942840
700 1 _aCobo Borda, Juan Gustavo
_epres.
_942841
830 0 _aClásica
_n218
_942842
049 _aBNPD
999 _c19737
_d19737